Zufälliges Land Europas zur Hauptstadt - Statistiken

Allgemein
  • Dieses Quiz wurde 628 mal gespielt
  • Das Durchschnittsergebnis liegt bei 9 aus 10
Antwortstatistiken
Land Hauptstadt % Korrekt
Deutschland Berlin
100%
Irland Dublin
100%
Frankreich Paris
100%
Italien Rom
100%
Norwegen Oslo
98%
Schweiz Bern
97%
Russland Moskau
97%
Vatikanstadt Vatikanstadt
97%
Österreich Wien
97%
Vereinigtes Königreich London
96%
Kroatien Zagreb
96%
Portugal Lissabon
95%
Polen Warschau
95%
Ukraine Kiew
94%
Spanien Madrid
94%
Schweden Stockholm
94%
Belgien Brüssel
93%
Griechenland Athen
92%
Niederlande Amsterdam
91%
Ungarn Budapest
91%
Dänemark Kopenhagen
90%
Luxemburg Luxemburg
90%
Bulgarien Sofia
90%
Finnland Helsinki
89%
Monaco Monaco
89%
Lettland Riga
89%
Tschechien Prag
88%
San Marino San Marino
86%
Rumänien Bukarest
85%
Island Reykjavík
84%
Estland Tallinn
83%
Belarus Minsk
80%
Malta Valletta
80%
Liechtenstein Vaduz
79%
Kosovo Priština
76%
Albanien Tirana
76%
Litauen Vilnius
76%
Slowakei Bratislava
74%
Bosnien und Herzegowina Sarajevo
72%
Serbien Belgrad
71%
Andorra Andorra la Vella
70%
Slowenien Ljubljana
64%
Nordmazedonien Skopje
63%
Montenegro Podgorica
55%
Moldawien Chișinău
50%
Keine übereinstimmenden Quizze gefunden
Verteilung der Resultate
Anzahl Personen mit jedem Resultat
Perzentil nach korrekt beantworteten Fragen
Ihre Resultats-Entwicklung
Sie haben dieses Quiz noch nicht gespielt